[Event "BCF-chT 2122 (4NCL)"]
[Site "England"]
[Date "2022.05.01"]
[Round "8.12"]
[White "Fitzsimons, David"]
[Black "Tan, Justin Hy"]
[Result "1/2-1/2"]
[WhiteElo "2337"]
[BlackElo "2526"]
[PlyCount "72"]
[EventDate "2021.11.27"]
[EventType "team-swiss"]
[EventRounds "11"]
[EventCountry "ENG"]
[SourceTitle "EXT 2023"]
[Source "ChessBase"]
[SourceDate "2022.10.05"]
[SourceVersion "1"]
[SourceVersionDate "2022.10.05"]
[SourceQuality "1"]
[WhiteTeam "Wood Green Youth"]
[BlackTeam "Wood Green"]
[WhiteTeamCountry "ENG"]
[BlackTeamCountry "ENG"]

1. e4 e6 2. d4 d5 3. Nc3 Nf6 4. Bg5 dxe4 5. Nxe4 Be7 6. Nxf6+ Bxf6 7. Bxf6 Qxf6 8. Nf3 0-0 9. Qd3 Rd8 10. 0-0-0 Nc6 11. Qe4 Rb8 12. Bd3 g6 13. c3 Rd5 14. Rhe1 b5 15. Qg4 b4 16. c4 Rd8 17. Qg3 b3 18. axb3 Rxb3 19. Qxc7 Nxd4 20. Bf1 Bb7 21. Nxd4 Rxd4 22. Rxd4 Qxd4 23. Qe5 Qxf2 24. Rd1 Qe3+ 25. Qxe3 Rxe3 26. Rd8+ Kg7 27. Rb8 Bc6 28. Kd2 Re5 29. b4 Rg5 30. g3 Rh5 31. h4 Rf5 32. Bd3 Rf2+ 33. Kc3 Rf3 34. Kd2 Rf2+ 35. Kc3 Rf3 36. Kd2 Rf2+ 1/2-1/2